Focus on academic skills for IELTS / (Record no. 8437)
[ view plain ]
| 000 -LEADER | |
|---|---|
| fixed length control field | 01491cam a22004095i 4500 |
| 003 - CONTROL NUMBER IDENTIFIER | |
| control field | EG-ScBUE |
| 005 - DATE AND TIME OF LATEST TRANSACTION | |
| control field | 20201128013356.0 |
| 006 - FIXED-LENGTH DATA ELEMENTS--ADDITIONAL MATERIAL CHARACTERISTICS--GENERAL INFORMATION | |
| fixed length control field | m||||fq||h 00| 0 |
| 008 - FIXED-LENGTH DATA ELEMENTS--GENERAL INFORMATION | |
| fixed length control field | 140520r20072004enka f 000 0 eng d |
| 020 ## - INTERNATIONAL STANDARD BOOK NUMBER | |
| International Standard Book Number | 0582837944 |
| 020 ## - INTERNATIONAL STANDARD BOOK NUMBER | |
| International Standard Book Number | 9780582837942 |
| 020 ## - INTERNATIONAL STANDARD BOOK NUMBER | |
| International Standard Book Number | 9780582837959 |
| 020 ## - INTERNATIONAL STANDARD BOOK NUMBER | |
| International Standard Book Number | 0582837952 |
| 040 ## - CATALOGING SOURCE | |
| Original cataloging agency | EG-ScBUE |
| Language of cataloging | eng |
| Description conventions | rda |
| Transcribing agency | EG-ScBUE |
| Modifying agency | EG-ScBUE |
| 082 04 - DEWEY DECIMAL CLASSIFICATION NUMBER | |
| Classification number | 428.24076 |
| Item number | TER |
| Edition number | 22 |
| 100 1# - MAIN ENTRY--PERSONAL NAME | |
| Personal name | Terry, Morgan, |
| Relator term | author. |
| 9 (RLIN) | 2722 |
| 245 10 - TITLE STATEMENT | |
| Title | Focus on academic skills for IELTS / |
| Statement of responsibility, etc | Morgan Terry, Judith Wilson. |
| 250 ## - EDITION STATEMENT | |
| Edition statement | Third impressiom. |
| 264 #1 - PUBLICATION, DISTRIBUTION, ETC. (IMPRINT) | |
| Place of publication, distribution, etc | Harlow : |
| Name of publisher, distributor, etc | Longman, |
| Date of publication, distribution, etc | 2007. |
| 300 ## - PHYSICAL DESCRIPTION | |
| Extent | 175 pages : |
| Other physical details | illustrations ; |
| Dimensions | 28 cm + |
| Accompanying material | 1 audio CDs |
| 336 ## - CONTENT TYPE | |
| Content type term | text |
| Content type code | txt |
| Source | rdacontent |
| 336 ## - CONTENT TYPE | |
| Content type term | spoken word |
| Content type code | spw |
| Source | rdacontent |
| 337 ## - MEDIA TYPE | |
| Media type term | unmediated |
| Media type code | n |
| Source | rdamedia |
| 337 ## - MEDIA TYPE | |
| Media type term | audio |
| Media type code | s |
| Source | rdamedia |
| 338 ## - CARRIER TYPE | |
| Carrier type term | volume |
| Carrier type code | nc |
| Source | rdacarrier |
| 338 ## - CARRIER TYPE | |
| Carrier type term | audio disc |
| Carrier type code | sd |
| Source | rdacarrier |
| 590 ## - LOCAL NOTE (RLIN) | |
| Local note | eman |
| 650 #7 - SUBJECT ADDED ENTRY--TOPICAL TERM | |
| Topical term or geographic name as entry element | International English Language Testing System. |
| Form subdivision | Study guides. |
| Source of heading or term | BUEsh |
| 9 (RLIN) | 36012 |
| 650 #7 - SUBJECT ADDED ENTRY--TOPICAL TERM | |
| Topical term or geographic name as entry element | English language |
| Form subdivision | Examinations, questions, etc. |
| Source of heading or term | BUEsh |
| 650 #7 - SUBJECT ADDED ENTRY--TOPICAL TERM | |
| Topical term or geographic name as entry element | English language |
| Form subdivision | Textbooks for foreign speakers. |
| Source of heading or term | BUEsh |
| 650 #7 - SUBJECT ADDED ENTRY--TOPICAL TERM | |
| Topical term or geographic name as entry element | English language |
| Form subdivision | Study and teaching as a second language. |
| Source of heading or term | BUEsh |
| 650 #7 - SUBJECT ADDED ENTRY--TOPICAL TERM | |
| Topical term or geographic name as entry element | English language |
| General subdivision | Study and teaching |
| -- | Foreign speakers. |
| Source of heading or term | BUEsh |
| 653 ## - INDEX TERM--UNCONTROLLED | |
| Resource For college | Humanities: English |
| Arrived date list | October2017 |
| 655 ## - INDEX TERM--GENRE/FORM | |
| Form subdivision | Reading book |
| 9 (RLIN) | 34232 |
| 700 1# - ADDED ENTRY--PERSONAL NAME | |
| Personal name | Wilson, Judith, |
| Dates associated with a name | 1947- |
| Relator term | author. |
| 9 (RLIN) | 19944 |
| 942 ## - ADDED ENTRY ELEMENTS (KOHA) | |
| Source of classification or shelving scheme | Dewey Decimal Classification |
| Koha item type | Book - Borrowing |
| Withdrawn status | Lost status | Source of classification or shelving scheme | Damaged status | Not for loan | Home library | Current library | Shelving location | Date acquired | Source of acquisition | Total Checkouts | Total Renewals | Full call number | Barcode | Date last seen | Date checked out | Koha item type | Collection code | Checked out | Materials specified (bound volume or other part) | Public note | Cost, normal purchase price | Cost, replacement price |
|---|---|---|---|---|---|---|---|---|---|---|---|---|---|---|---|---|---|---|---|---|---|---|
| Dewey Decimal Classification | Central Library | Central Library | Second Floor | 09/03/2008 | Purchase | 3 | 2 | 428.24076 TER | 000010263 | 15/07/2025 | 28/10/2019 | Book - Borrowing | ||||||||||
| Dewey Decimal Classification | Central Library | Central Library | Second Floor | 09/03/2008 | Purchase | 4 | 6 | 428.24076 TER | 000010259 | 15/07/2025 | 16/12/2020 | Book - Borrowing | ||||||||||
| Dewey Decimal Classification | Central Library | Central Library | Second Floor | 10/10/2011 | 6 | 428.24076 TER | 000010260 | 22/09/2013 | 22/09/2013 | Book - Borrowing | 22/10/2013 | |||||||||||
| Dewey Decimal Classification | Central Library | Central Library | Second Floor | 09/03/2008 | Purchase | 3 | 3 | 428.24076 TER | 000010261 | 15/07/2025 | 10/07/2017 | Book - Borrowing | ||||||||||
| Dewey Decimal Classification | Central Library | Central Library | Second Floor | 09/03/2008 | Purchase | 2 | 2 | 428.24076 TER | 000010262 | 15/07/2025 | 22/04/2015 | Book - Borrowing | ||||||||||
| Lost | Dewey Decimal Classification | Central Library | Central Library | Second Floor | 09/03/2008 | Purchase | 1 | 3 | 428.24076 TER | 000010264 | 04/08/2013 | Book - Borrowing | Lost In Inventory_2005-2015/8/22 | |||||||||
| Dewey Decimal Classification | Central Library | Central Library | Second Floor | 17/07/2011 | Purchase | 4 | 2 | 428.24076 TER | 000024368 | 24/08/2022 | 10/07/2017 | CD | DVD - With book | 2 CDs | |||||||||
| Dewey Decimal Classification | Central Library | Central Library | Second Floor | 17/07/2011 | Purchase | 1 | 428.24076 TER | 000024366 | 24/08/2022 | 31/05/2012 | CD | DVD - With book | 2 CDs | ||||||||||
| Dewey Decimal Classification | Central Library | Central Library | Second Floor | 17/07/2011 | Purchase | 428.24076 TER | 000024367 | 24/08/2022 | CD | DVD - With book | 2 CDs | ||||||||||||
| Dewey Decimal Classification | Central Library | Central Library | Second Floor | 17/10/2011 | Purchase | 2 | 1 | 428.24076 TER | 000025461 | 24/08/2022 | 10/07/2017 | CD | DVD - With book | 2 CDs | 237.75 | 297.19 |